000 00868 a2200193 4500
001 34356
005 20260407155631.0
008 260407a1970 arg spa d
003 AR-UNSa-BCEJYS
040 _aAR-UNSa-BCEJYS
_bspa
_cAR-UNSa-BCEJYS
080 _a658
_xAdministración de empresas. Organización comercial
245 1 0 _aDoctrina de la empresa
264 1 _aMadrid :
_bEdiciones Rialp
_c1970
300 _a338 p.
_c23 cm.
505 _aI. El debate en torno a la empresa : 1. La empresa en tela de juicio - 2. Las ideologías patronales - II. ¿Qué es la empresa?: 3. El empresario - 4. La organización - 5. El poder - III. Elementos de una doctrina : 6. La función específica de la empresa - 7. Creatividad y participación - 8. Creatividad y concertación.
942 _cBK
590 _aniveau_biblio:m niveau_hierar:0
100 1 _aDe Woot, Philippe
999 _c2439
_d2439